000 00248 a2200085 4500
020 _a978-8120807051
100 _aAlice Boner
245 _aPrinciples of Composition in Hindu Sculpture: Cave Temple Period
260 _bMotilal Banarsidass Publishers
_c1991
999 _c13209
_d13209